000 01345nam a22004457a 4500
003 OSt
005 20260408115939.0
007 ta
008 260408b2023 ag ||||| |||| 00| 0 spa d
020 _a9789507582172
040 _ccj catamarca
082 _a343.611.52 Or77m
100 1 0 _9164
_aOrtiz, Diego O.
245 1 0 _aMedidas contra la violencia economica y/o patrimonial
250 _a1º ed.
260 _aCABA:
_bJuridicas,
_c2023
300 _a476 p.
_c23 cm
500 _aINVENTARIO Nº 8155
650 7 _2SAIJ
653 _aDERECHO PENAL
653 _aVIOLENCIA FAMILIAR
653 _aVIOLENCIA ECONOMICA
653 _aVIOLENCIA PATRIMONIAL
653 _aVIOLENCIA-MEDIDAS
653 _aALIMENTOS PROVISORIOS
653 _aVIOLENCIA-ADOLESCENTE-MEDIDAS
653 _aEXCLUSION DEL HOGAR
653 _aALIMENTOS-INCUMPLIMIENTO
653 _aALIMENTOS-INCUMPLIMIENTO-MEDIDAS
653 _aATRIBUCION-VIVIENDA
653 _aVIOLENCIA ECONOMICA-PENAL
653 _aALIMENTOS-INCIDENTES
653 _aVIOLENCIA-MEDIDAS CONMINATORIAS
653 _aMEDIDAS-PATRIMONIO
653 _aCOMPENSACION ECONOMICA-MEDIDAS
653 _aUNION CONVIVENCIAL
653 _aPROCESO CIVIL-VIOLENCIA
856 _uhttps://drive.google.com/file/d/18ASceeCaJ7VqqCrx7qvH0wA67NHL-vYB/view?usp=sharing
942 _2ddc
_cBK
_n0
999 _c6526
_d6526